Películas referenciadas en Los Simpson #8 - Estadísticas

Estadísticas generales
  • Esta prueba ha sido intentada 15 veces
  • La puntuación promedio es 4 de 20
Estadísticas de respuestas
Imagen Respuesta % Correcto
WALL-E
93%
Frankenstein (1931)
71%
Rambo
71%
Full Metal Jacket
43%
La gran estafa
43%
La isla del doctor Moreau
21%
Cabaret
14%
Cowboy de medianoche
14%
Los campeones (1992)
14%
Million Dollar Baby
14%
Testigo en peligro
14%
Cementerio de animales
7%
El club de los cinco
7%
El mundo de los robots asesinos (1973)
7%
Mi bella dama
7%
El mundo en peligro
0%
La leyenda del indomable
0%
Lawrence de Arabia
0%
Lo que el viento se llevó
0%
Poltergeist
0%
No se encontraron pruebas coincidentes
Distribución de puntuación
Porcentaje de gente con cada puntuación
Porcentaje por número respondido
Historial de tus puntuaciones
No has intentado esta prueba.